000 01395cam a22003854i 4500
003 PE-LiUPU
005 20250731184048.0
008 150617s1972 sp a rb 000 0 spa d
035 _a(Sirsi) a14771
040 _aPE-LiUPU
_bspa
_cPE-LiUPU
_dPE-LiUPU
_erda
049 _aPRUA
082 0 4 _a808.06
_bB / C26
_221
082 0 4 _a808.06-B
_bBBS
_220
100 1 _aCarthy, J. D.,
_eautor.
245 1 3 _aLa conducta de los animales /
_cJ. D. Carthy.
264 1 _aEspaña :
_bSalvat,
_c1972.
300 _a176 páginas :
_bilustraciones ;
_c18 centímetros.
336 _atext
_2rdacontent
337 _aunmediated
_2rdamedia
338 _avolume
_2rdacarrier
490 0 _a(Biblioteca Clásica Universal ;
_v28)
505 0 _a¿Que es la conducta? -- Los estímulos y los sentidos -- La vida en sociedad -- Territorio del animal -- Arte de cortejar e instinto -- Cría de la prole -- Fuentes de la conducta -- Aprendizaje de la conducta -- Ritmos de la vida -- Conducta y supervivencia.
526 _aP145
526 _aP127
526 _aP97
526 _aP14
526 _aP07
650 1 4 _aAnimales
_xHábitos y conducta.
650 1 4 _aAnimales
_xInstinto.
942 _2ddc
_cBK
980 _81
_gALBERTO SANCHEZ Responsable de Automatización
999 _c5285
_d5285